000 00546nam a22001457a 4500
008 100117s1970 ru||||| |||| 000 0 eng d
082 _222
_a327.47
_bLEN
245 _aPrinciples of Lenin’s foreign policy
260 _aMoscow:
_b Novosti Press Agency, 1970
_c1970
300 _a95 p.;
_c17 cm
500 _aDonated by; Alaa Abdel Ghany
651 _99706
_aSoviet Union
_xForeign relations.
942 _2ddc
_cBB
999 _c13150
_d13150